000 00963nam a2200229Ii 4500
003 JO-AjNU
008 230605s9999||||xx |||||||||||||| ||und||
017 _a2004/10/2513
020 _a9957-11-585-5
040 _aJO-AjNU
_bara
_erda
_cJO-AjNU
041 _aara
050 1 4 _aKMM97.S53.2009
100 3 _a الشوا ، تالا سعود ، السويلميين ، صفاء محمود ,
_eauthor
_927461
245 0 0 _aالتشريعات التجارية وتشريعات الأعمال لطلبة العلوم الدارية والمالية = COMMERCIAL AND BUSINESS LOW
250 _aط4
264 3 1 _aعمان : دار وائل ، 2010
300 _a471ص
_bيشتمل على مراجع ص (461 -464 )
336 _atext
_btxt
_2rdacontent
337 _aunmediated
_bn
_2rdamedia
338 _avolume
_bnc
_2rdacarrier
650 4 _aالقانون التجاري -- التجارة -- ادارة الأعمال -- العلوم الادارية
_927462
999 _aA10535
_c14103
_d14103